000 00757nam a2200277Ia 4500
008 180523s9999 xx 000 0 und d
020 _a978-981-2596-49-9
050 _aMAIN RT 41
050 _b.I36 2006 c.2
100 _aIgnatavicius, Donna D.
245 0 _aMedical-surgical nursing :
245 0 _bcritical thinking for collaborative care /
245 0 _cDonna D. Ignatavicius, M. Linda Workman.
250 _a5th Edition
260 _aSingapore :
260 _bElsevier,
260 _c2006
300 _a1 volume (various paging) :
300 _billustrations ;
300 _c26 cm.
500 _aIncludes index.
650 _aNursing care.
650 _aNursing.
650 _xNursing process.
650 _xSurgical nursing.
999 _c357671
_d357671